|
|
|
|
| LEADER |
02174nam a2200565 a 4500 |
| 001 |
000611342 |
| 003 |
CZ BrMZK |
| 005 |
20190717144424.0 |
| 007 |
ta |
| 008 |
020718c20021997xr e bcze d |
| 015 |
|
|
|a cnb001120793
|
| 020 |
|
|
|a 80-86182-62-2
|
| 035 |
|
|
|a (OCoLC)51187045
|
| 040 |
|
|
|a BOA001
|b cze
|
| 041 |
1 |
|
|a cze
|h ger
|
| 043 |
|
|
|a e-gx---
|a e-xr---
|
| 045 |
|
|
|a x0x4
|
| 072 |
|
7 |
|a 355/359
|x Vojenství. Obrana země. Ozbrojené síly
|2 Konspekt
|9 15
|
| 072 |
|
7 |
|a 929
|x Biografie
|2 Konspekt
|9 8
|
| 080 |
|
|
|a 329.17-051
|2 MRF
|
| 080 |
|
|
|a 341.212-051
|2 MRF
|
| 080 |
|
|
|a 351.746.1+355.40
|2 MRF
|
| 080 |
|
|
|a 94(100)"1939/1945"
|2 MRF
|
| 080 |
|
|
|a 929
|2 MRF
|
| 080 |
|
|
|a (430)
|2 MRF
|
| 080 |
|
|
|a (437.3)
|2 MRF
|
| 080 |
|
|
|a (092)
|2 MRF
|
| 100 |
1 |
|
|a Deschner, Günther,
|d 1941-
|7 xx0002463
|
| 245 |
1 |
0 |
|a Reinhard Heydrich :
|b architekt totální moci /
|c Günther Deschner ; [z německého originálu přeložil Vladimír Čadský ; doslov k českému vydání Vojtěch Šustek]
|
| 250 |
|
|
|a Vyd. 1.
|
| 260 |
|
|
|a V Praze :
|b Rybka Publishers,
|c 2002
|
| 300 |
|
|
|a 351 s., [14] s. obr. příl. ;
|c 23 cm
|
| 504 |
|
|
|a Obsahuje bibliografii
|
| 600 |
1 |
7 |
|a Heydrich, Reinhard,
|d 1904-1942
|7 jn20000700709
|2 czenas
|
| 610 |
2 |
7 |
|a Nationalsozialistische Deutsche Arbeiter-Partei.
|b Schutzstaffel
|7 ko2004244048
|2 czenas
|
| 648 |
|
4 |
|a 1904-1942
|
| 648 |
|
7 |
|a 20. století
|7 ch460558
|
| 648 |
|
7 |
|a 1939-1945
|7 ch460653
|
| 650 |
0 |
7 |
|a nacisté
|7 ph123153
|z Německo
|y 20. století
|2 czenas
|
| 650 |
0 |
7 |
|a protektoři
|7 ph902051
|z Česko
|y 1939-1945
|2 czenas
|
| 650 |
0 |
7 |
|a zpravodajské služby
|7 ph127677
|z Německo
|y 1939-1945
|2 czenas
|
| 650 |
0 |
7 |
|a druhá světová válka, 1939-1945
|7 ph117270
|2 czenas
|
| 655 |
|
7 |
|a biografie
|7 fd131909
|2 czenas
|
| 765 |
0 |
|
|t Reinhard Heydrich - Statthalter der totalen Macht
|9 Česky
|
| 700 |
1 |
|
|a Heydrich, Reinhard,
|d 1904-1942
|7 jn20000700709
|4 hnr
|
| 700 |
1 |
|
|a Čadský, Vladimír
|7 jn20000810140
|4 trl
|
| 700 |
1 |
|
|a Šustek, Vojtěch,
|d 1968-
|7 jo20010090040
|4 wfw
|
| 910 |
|
|
|a BOA001
|b 2-1104.915
|
| 990 |
|
|
|a BK
|
| 996 |
6 |
|
|b 2610166451
|c 2-1104.915
|l MZK
|r Sklad / do 1 hodiny
|n 10
|p p.v.
|w 000611342
|u 000010
|a 1
|e BOA001
|j MZK50
|s P
|